Superstar Billy Graham's opponents - Statistics

General Stats
  • This quiz has been taken 216 times
    201 since last reset
  • The average score is 55 of 122
Answer Stats
Answer % Correct
Andre the Giant
100%
"Rowdy" Roddy Piper
95%
Bret Hart
91%
"Superfly" Jimmy Snuka
91%
Antonio Inoki
86%
Bob Backlund
86%
Bruno Sammartino
86%
Ric Flair
86%
Don Muraco
82%
Ivan Putski
82%
Pat Patterson
82%
Paul Orndorff
82%
Rocky Johnson
82%
Abdullah the Butcher
77%
Blackjack Mulligan
77%
Butch Reed
77%
Harley Race
77%
Blackjack Lanza
73%
Bob Slaughter
73%
"Cowboy" Bob Orton
73%
Jack Brisco
73%
Jerry Brisco
73%
Pedro Morales
73%
Peter Maivia
73%
Tony Garea
73%
Wahoo McDaniel
73%
Dory Funk Jr.
68%
Ivan Koloff
68%
Mil Mascaras
68%
Ole Anderson
68%
Rick Martel
68%
Ricky Steamboat
68%
Tony Atlas
68%
Chief Jay Strongbow
64%
Dusty Rhodes
64%
Jerry "The King" Lawler
64%
Jules Strongbow
64%
Junkyard Dog
64%
Kerry Von Erich
64%
Rick Rude
64%
S.D. Jones
64%
Stan Stasiak
64%
Bill Watts
59%
Curt Hennig
59%
Ernie Ladd
59%
Greg Gagne
59%
Larry Hennig
59%
Verne Gagne
59%
Baron Von Raschke
55%
Barry Windham
55%
Bobo Brazil
55%
Carlos Colon
55%
Dino Bravo
55%
Gorilla Monsoon
55%
Jimmy Valiant
55%
Ken Patera
55%
Angelo Mosca
50%
Bruiser Brody
50%
Dominic DeNucci
50%
Hercules
50%
Larry Zbyszko
50%
One Man Gang
50%
Dick Slater
45%
Eduardo Carpentier
45%
Pat Tanaka
45%
Riki Choshu
45%
Swede Hanson
45%
Barry Horowitz
41%
Gene Kiniski
41%
Haystacks Calhoun
41%
Jim Brunzell
41%
Ox Baker
41%
Ron Bass
41%
The Barbarian
41%
The Crusher
41%
Chris Tolos
36%
Maurice "Mad Dog" Vachon
36%
Mike Graham
36%
Rene Goulet
36%
Steve Lombardi
36%
Bill Irwin
32%
"Iron" Mike Sharpe
32%
Mike Rotundo
32%
"Sailor" Art Thomas
32%
Dick the Bruiser
27%
Strong Kobayashi
27%
Akira Maeda
23%
Billy Robinson
23%
Kevin Sullivan
23%
Pat O'Connor
23%
Rocky King
23%
The Spoiler
23%
Billy Jack Haynes
18%
Buzz Sawyer
18%
The Mongolian Stomper
18%
Billy White Wolf
14%
Don Kernodle
14%
Jose Lothario
14%
Ray Rougeau
14%
The Assassin
14%
Freddie Blassie
9%
Jimmy Golden
9%
Manny Fernandez
9%
Nikita Koloff
9%
Red Bastien
9%
Salvatore Bellomo
9%
Scott Casey
9%
Steve Keirn
9%
Sam Houston
5%
Seiji Sakaguchi
5%
Tony Parisi
5%
Elijah Akim
0%
J.J. Dillon
0%
Jos LeDuc
0%
Krusher Kruschev
0%
Lord James Blears
0%
Magnum T.A.
0%
Pez Whatley
0%
Scott McGhee
0%
The Italian Stallion
0%
Tiger Toguchi
0%
Wilbur Snyder
0%
No matching quizzes found
Score Distribution
Percent of People with Each Score
Percentile by Number Answered
Your Score History
You have not taken this quiz since the last reset